000 00783cab a2200253 4500
001 WB3328-16
008 090401t1997 xxu||||| |||| 00| 0 eng d
035 _a(Sirsi) u79662
041 _aeng
245 _aOffice shortage in Dublin
260 _c1997
350 _a0
490 _aIrish Times
_v16 July 1997, 21(1)
520 _aThe strong demand for offices in Dublin has continued this year, with the overall vacancy rate down to its lowest level since 1989.
650 _aPROPERTY-COMMERCIAL PROPERTY-COMMERCIAL PROPERTY MARKET
650 _aDUBLIN
650 _aIRELAND
650 _aOFFICE DEMAND
650 _aOFFICE SPACE
650 _aVACANCY RATE
690 _aPROPERTY-COMMERCIAL PROPERTY-COMMERCIAL PROPERTY MARKET
942 _n0
948 _c16/07/1997
999 _c50106
_d50106